Cargando...
Industrialisation and employment systems in India
| Autor Principal: | |
|---|---|
| Formato: | Printed Book |
| Idioma: | Undetermined English |
| Series: | 1992
|
| Subjects: |
| LEADER | 00604nam a2200193Ia 4500 | ||
|---|---|---|---|
| 008 | 140306s9999 xx 000 0 und d | ||
| 020 | |a 0 19 562851 9 | ||
| 041 | |a eng | ||
| 082 | |a 338 |b JOH/IN | ||
| 100 | |a Johri, C K | ||
| 245 | |a Industrialisation and employment systems in India | ||
| 300 | |a 253 | ||
| 365 | |b Rs .290 | ||
| 400 | |b Indian Institute of Advanced Study | ||
| 440 | |a 1992 | ||
| 650 | |a Industrial economics | ||
| 942 | |2 ddc |c BK | ||
| 999 | |c 180015 |d 180015 | ||
| 952 | |0 0 |1 0 |2 ddc |4 0 |6 338_000000000000000_JOH_IN |7 0 |9 185316 |a KAUCBV |b KAUCBV |d 2004-05-02 |g 290.00 |o 338 JOH/IN |r 2014-03-22 |w 2014-03-22 |y BK | ||